000 00652nam a22001817a 4500
003 UA-OsUOA
001 12143
007 ta
008 20050424b un ||||| |||| 00| 0 ukr d
100 _aЦіпан Т.
942 _cSA
040 _aUA-OsUOA
_cUA-OsUOA
_dUA-OsUOA
245 _aРозмаїття педагогічних ідей
_b[У Рівному пройшла друга обл. виставка-ярмарка пед. ідей, інновацій, персп. пед. досвіду]
300 _aС.4
955 _a0
773 0 _w0
_tВісті Рівненщини
_dРівне
_d2005
_g№30/20 квіт./
650 7 _aВиставки
_2UDC
999 _c298304
_d298304